| 000 | 00706nam a2200229 i 4500 | ||
|---|---|---|---|
| 003 | DO-SdBNP | ||
| 005 | 20240425092153.0 | ||
| 007 | ta | ||
| 008 | 240425b2006 dr ||||| |||| 00| 0 spa d | ||
| 040 |
_aDO-SdBNP _bspa _cBNPHU _erda |
||
| 082 | 4 |
_bR468c _222 |
|
| 100 |
_aRhamirez, Augusto V. _937865 _eautor |
||
| 245 | 1 | 0 |
_aConsumismo familia y sociedad : _bcorrupción, violencia, consumo / _cAugusto V. Rhamirez |
| 264 | 1 |
_aLa Habana, Cuba : _bGibe Press Editorial, _c2006. |
|
| 300 |
_a269 páginas ; _c22 cm. |
||
| 336 |
_2rdacontent _atexto _btxt |
||
| 337 |
_2rdamedia _asin mediación _bn |
||
| 338 |
_2rdacarrier _avolumen _bnc |
||
| 590 | _aInventariado, 2024/DG | ||
| 910 | _aDG | ||
| 942 |
_2ddc _cLBS1 |
||
| 999 |
_c56497 _d56497 |
||